| 000 | 01038nam0a22002531 4500 | ||
|---|---|---|---|
| 001 | rc\2696318 | ||
| 005 | 20230518104729.0 | ||
| 035 | _a(NLR Aleph) 006824512 | ||
| 090 |
_a6479018 _c6479018 |
||
| 100 | _a20110915d1933 |||y0rusy50 ca | ||
| 101 | 0 | _arus | |
| 102 | _aRU | ||
| 105 | _ay z ||||| | ||
| 200 | 1 |
_aИностранный язык в начальной и средней школе _eМетод. разработки в помощь учителю _fРазработаны проф. Н. Мамуной |
|
| 210 |
_a[Москва] _cНаркомпрос РСФСР - Учпедгиз _d1933 _gтипо-лит. им. Воровского |
||
| 215 |
_a20 с. _d22х15 см. |
||
| 702 | 1 |
_aМамуна _bН. Э. _gНина Эрнестовна _4570 |
|
| 710 | 0 | 1 |
_aРСФСР _bНародный комиссариат просвещения _bУчебно-методический сектор |
| 801 | 0 |
_aRU _bNLR _gpsbo |
|
| 801 | 1 |
_aRU _bELAR _2rusmarc |
|
| 852 |
_aNLR _j32-11/3155 |
||
| 942 | _cBOOK | ||
| 980 | _aNB | ||